Η τέχνη των Gilbert & George
Αποθηκεύτηκε σε:
| Συγγραφή απο Οργανισμό/Αρχή: | |
|---|---|
| Μορφή: | Βιβλίο |
| Γλώσσα: | Greek English |
| Δημοσίευση: |
Αθήνα :
Highlights Art Magazine,
2001.
|
| Θέματα: | |
| Ετικέτες: |
Προσθήκη ετικέτας
Δεν υπάρχουν, Καταχωρήστε ετικέτα πρώτοι!
|
MARC
| LEADER | 00000cam a2200000 a 4500 | ||
|---|---|---|---|
| 001 | 1/111572 | ||
| 008 | 160830s2001####gr | ||| |||| ||gre|| | ||
| 040 | |a GR-MyUa |b gre |c GR-MyUa |e AACR2 | ||
| 041 | 0 | |a gre |a eng | |
| 082 | 7 | |a 700.922 |2 (23) | |
| 110 | 2 | |a Gilbert & George. | |
| 245 | 1 | 2 | |a Η τέχνη των Gilbert & George / |c οργάνωση "Αύρα" ; κείμενο Κύριλλος Σαρρής. |
| 260 | |a Αθήνα : |b Highlights Art Magazine, |c 2001. | ||
| 300 | |a [54] φύλλα : |b εικ. ; |c 21 εκ. | ||
| 500 | |a Κατάλογος έκθεσης: Ανωτάτη Σχολή Καλών Τεχνών Αθηνών "Το εργοστάσιο", Οκτ- Νοε 2001. | ||
| 610 | 2 | 0 | |a Gilbert & George |v Exhibitions. |
| 852 | |a INST |b SYROS |e 20160830 |h 700.922 GIL |p 005500012699 |q 005500012699 |t BK |y 0 | ||
| 970 | |a Κοντού |b Παρασκευή |z 30/08/2016 | ||